Pokémon Légendaires - Statistiques

Statistiques générales
  • Ce quiz a été pris 116 fois
  • Le résultat moyen est 45 sur 74
Statistiques - réponses
Par images Réponse % Correct
Groudon
99%
Yveltal
92%
Mewtwo
91%
Palkia
90%
Kyogre
89%
Lugia
89%
Sulfura
89%
Dialga
88%
Latias
88%
Latios
88%
Artikodin
87%
Rayquaza
87%
Reshiram
86%
Xerneas
86%
Zekrom
86%
Entei
84%
Giratina
84%
Regigigas
84%
Kyurem
82%
Ho-Oh
80%
Lunala
80%
Regice
80%
Registeel
79%
Solgaleo
79%
Regirock
78%
Suicune
78%
Electhor
77%
Zygarde
77%
Raikou
74%
Créfadet
72%
Créfollet
70%
Boréas
67%
Heatran
67%
Cobaltium
66%
Fulguris
66%
Créhelf
64%
Cresselia
64%
Cosmog
63%
Viridium
63%
Démétéros
62%
Zacian
62%
Necrozma
58%
Terrakium
57%
Type:0
54%
Zamazenta
54%
Sulfura de Galar
53%
Tokotoro
53%
Tokorico
51%
Artikodin de Galar
50%
Cosmovum
50%
Electhor de Galar
50%
Miraidon
50%
Koraidon
49%
Silvallié
48%
Tokopisco
48%
Ethernatos
45%
Shifours
42%
Regidrago
39%
Regieleki
39%
Tokopiyon
39%
Yuyu
36%
Amovénus
34%
Baojian
32%
Ogerpon
30%
Wushours
30%
Terapagos
27%
Spectreval
25%
Dinglu
24%
Blizzeval
22%
Sylveroy
22%
Chongjian
21%
Félicanis
20%
Fortusimia
20%
Favianos
17%
Aucun quiz correspondant
Distribution des résultats
% des personnes avec chaque résultat
Percentile par nombre de réponses
Votre historique - résultats
Vous n’avez pas pris ce quiz